[Event "LTU-ch Men 2019"]
[Site "Vilnius"]
[Date "2019.03.20"]
[Round "8.13"]
[White "Povilaitis, Tomas"]
[Black "Stremavicius, Pijus"]
[Result "0-1"]
[WhiteElo "1864"]
[BlackElo "2079"]
[Annotator "NA RC"]
[PlyCount "124"]
[EventDate "2019.??.??"]
[EventCountry "LTU"]
[SourceTitle "playchess.com"]
[Source "ChessBase"]
[SourceQuality "1"]
[TimeControl "5400+30"]

1. e4 {[%emt 0:00:00]} d6 {[%emt 0:00:00]} 2. d4 {[%emt 0:00:00]} Nf6 {[%emt 0:00:00]} 3. Nc3 {[%emt 0:00:02]} g6 {[%emt 0:00:00]} 4. Be3 {[%emt 0:00:28]} c6 {[%emt 0:00:05]} 5. Nf3 {[%emt 0:00:19]} Nbd7 {[%emt 0:01:09]} 6. h3 {[%emt 0:01:32]} Bg7 {[%emt 0:00:30]} 7. Bd3 {[%emt 0:07:38]} O-O {[%emt 0:03:25]} 8. O-O {[%emt 0:00:34]} e5 {[%emt 0:01:09]} 9. Qd2 {[%emt 0:03:01]} Re8 {[%emt 0:00:32]} 10. Bh6 {[%emt 0:02:29]} exd4 {[%emt 0:00:14]} 11. Nxd4 {[%emt 0:01:13]} Nc5 {[%emt 0:00:23]} 12. Bxg7 $11 {[%emt 0:00:40]} Kxg7 {[%emt 0:00:06]} 13. Rae1 {[%emt 0:00:23]} Qb6 {[%emt 0:00:53]} 14. Nb3 {[%emt 0:02:37]} Be6 {[%emt 0:00:28]} 15. Nxc5 {[%emt 0:07:23]} dxc5 {[%emt 0:04:55]} 16. e5 {[%emt 0:06:24]} Nd7 {[%emt 0:01:20]} 17. b3 {[%emt 0:03:16]} Rad8 {[%emt 0:03:05]} 18. Qg5 {[%emt 0:03:58]} c4 {[%emt 0:03:03]} 19. bxc4 {[%emt 0:02:33]} Qd4 {[%emt 0:01:50]} 20. Nd1 {[%emt 0:07:46]} h6 {[%emt 0:06:18]} 21. Qg3 {[%emt 0:00:35]} Nc5 {[%emt 0:01:40]} 22. Ne3 {[%emt 0:02:55]} Nxd3 {[%emt 0:04:34]} 23. cxd3 {[%emt 0:00:15]} Qxd3 {[%emt 0:00:09]} 24. Qh4 {[%emt 0:08:45]} Rd4 {[%emt 0:10:16]} 25. Qf6+ {[%emt 0:00:29]} Kg8 {[%emt 0:00:52]} 26. Rd1 {[%emt 0:00:41]} Qe4 {[%emt 0:00:58]} 27. Rxd4 {[%emt 0:00:07]} Qxd4 28. Rd1 {[%emt 0:00:14]} Qe4 {[%emt 0:00:31]} 29. Rd8 {[%emt 0:08:53]} Rxd8 {[%emt 0:04:14]} 30. Qxd8+ {[%emt 0:00:05]} Kh7 {[%emt 0:00:04]} 31. Qc7 {[%emt 0:00:30]} Qb1+ {[%emt 0:04:08]} 32. Kh2 {[%emt 0:00:09]} h5 {[%emt 0:00:13]} 33. Qa5 {[%emt 0:04:38]} Qb2 {[%emt 0:00:59]} 34. Kg1 {[%emt 0:00:42]} b6 {[%emt 0:01:51]} 35. Qxa7 {[%emt 0:03:10]} Qa1+ {[%emt 0:00:03]} 36. Kh2 {[%emt 0:00:20]} Qxe5+ {[%emt 0:00:03]} 37. Kg1 {[%emt 0:01:03]} b5 {[%emt 0:00:05]} 38. cxb5 {[%emt 0:00:58]} cxb5 39. Qa5 {[%emt 0:04:22]} Qa1+ {[%emt 0:01:20]} 40. Kh2 {[%emt 0:01:37]} Qb2 {[%emt 0:00:05]} 41. a3 {[%emt 0:05:17]} Qxf2 {[%emt 0:00:05]} 42. Qc3 {[%emt 0:00:13]} Qf4+ {[%emt 0:00:12]} 43. Kg1 {[%emt 0:00:39]} Qe4 {[%emt 0:00:31]} 44. Nc2 {[%emt 0:03:12]} Bc4 {[%emt 0:00:38]} 45. Nb4 {[%emt 0:00:49]} g5 {[%emt 0:02:42]} 46. Qd2 {[%emt 0:03:10]} Qf5 {[%emt 0:02:33]} 47. Qd1 {[%emt 0:01:43]} g4 {[%emt 0:01:09]} 48. hxg4 {[%emt 0:00:22]} hxg4 {[%emt 0:00:21]} 49. Qe1 {[%emt 0:00:32]} Kg6 {[%emt 0:00:39]} 50. Qe3 {[%emt 0:02:07]} Qg5 {[%emt 0:01:22]} 51. Qg3 {[%emt 0:00:18]} f5 {[%emt 0:01:57]} 52. Nc6 {[%emt 0:00:32]} f4 {[%emt 0:00:29]} 53. Qe1 {[%emt 0:04:13]} Qc5+ {[%emt 0:00:06]} 54. Qf2 {[%emt 0:00:27]} Qxc6 {[%emt 0:00:07]} 55. Qxf4 {[%emt 0:00:06]} Qe6 {[%emt 0:00:18]} 56. Kh2 {[%emt 0:01:02]} Bd5 {[%emt 0:00:45]} 57. Qf8 {[%emt 0:00:29]} Qe4 {[%emt 0:02:17]} 58. Qf2 {[%emt 0:00:27]} Qe5+ {[%emt 0:00:25]} 59. Kg1 {[%emt 0:00:31]} g3 {[%emt 0:00:15]} 60. Qc2+ {[%emt 0:00:07]} Be4 {[%emt 0:00:15]} 61. Qd1 {[%emt 0:00:32]} Qc5+ {[%emt 0:00:30]} 62. Kh1 {[%emt 0:00:08]} Bxg2+ {[%emt 0:00:28] a4} 0-1

[Event "LTU-ch Men 2019"]
[Site "Vilnius"]
[Date "2019.03.20"]
[Round "8.14"]
[White "Maziukas, Kasparas"]
[Black "Ketlerius, Arijus"]
[Result "1/2-1/2"]
[WhiteElo "1931"]
[BlackElo "1841"]
[Annotator "NA RC"]
[PlyCount "125"]
[EventDate "2019.??.??"]
[EventCountry "LTU"]
[SourceTitle "playchess.com"]
[Source "ChessBase"]
[SourceQuality "1"]
[TimeControl "5400+30"]

1. e4 {[%emt 0:00:00]} Nf6 {[%emt 0:00:00]} 2. e5 {[%emt 0:00:00]} Nd5 {[%emt 0:00:00]} 3. c4 {[%emt 0:00:00]} Nb6 {[%emt 0:00:00]} 4. d4 {[%emt 0:00:00]} d6 {[%emt 0:00:00]} 5. exd6 {[%emt 0:00:00]} cxd6 {[%emt 0:00:08]} 6. Nc3 {[%emt 0:00:04]} g6 {[%emt 0:00:05]} 7. Be3 {[%emt 0:00:08]} Bg7 {[%emt 0:00:05]} 8. Rc1 {[%emt 0:00:12]} O-O {[%emt 0:00:08]} 9. b3 {[%emt 0:00:05]} e5 {[%emt 0:00:13]} 10. dxe5 {[%emt 0:00:10]} dxe5 {[%emt 0:00:02]} 11. Qxd8 {[%emt 0:00:30]} Rxd8 {[%emt 0:00:01]} 12. c5 {[%emt 0:00:34]} N6d7 {[%emt 0:00:04]} 13. Bc4 {[%emt 0:01:06]} Nc6 {[%emt 0:00:05]} 14. Rd1 {[%emt 0:05:21]} Nd4 {[%emt 0:05:28]} 15. Ne4 {[%emt 0:01:45]} Nf8 {[%emt 0:34:58]} 16. Bg5 {[%emt 0:09:21]} Nc2+ {[%emt 0:06:19]} 17. Ke2 {[%emt 0:00:09]} Rxd1 {[%emt 0:00:05]} 18. Kxd1 {[%emt 0:00:05]} Nd4 {[%emt 0:00:08]} 19. Ne2 {[%emt 0:10:54]} Be6 {[%emt 0:03:07]} 20. Nxd4 {[%emt 0:13:42]} exd4 {[%emt 0:11:06]} 21. Bb5 {[%emt 0:09:59]} f5 {[%emt 0:02:42]} 22. Nd6 {[%emt 0:01:36]} Bd5 {[%emt 0:00:32]} 23. b4 {[%emt 0:08:18]} a5 {[%emt 0:02:48]} 24. bxa5 {[%emt 0:02:33]} Rxa5 {[%emt 0:01:06]} 25. a4 {[%emt 0:00:23]} Ne6 {[%emt 0:03:59]} 26. Bd2 {[%emt 0:00:41]} Ra8 {[%emt 0:00:20]} 27. Bb4 {[%emt 0:05:19]} Nc7 {[%emt 0:09:19]} 28. a5 {[%emt 0:00:46]} Nxb5 {[%emt 0:03:52]} 29. Nxb5 {[%emt 0:00:07]} Bxg2 {[%emt 0:00:38]} 30. Re1 {[%emt 0:00:16]} Bc6 {[%emt 0:03:15]} 31. Nd6 {[%emt 0:01:26]} Bf6 {[%emt 0:01:59]} 32. f4 {[%emt 0:01:31]} Kg7 {[%emt 0:02:42]} 33. Kd2 {[%emt 0:00:47]} Rf8 {[%emt 0:00:52]} 34. Kd3 {[%emt 0:06:52]} Kh6 {[%emt 0:00:10]} 35. Bd2 {[%emt 0:03:47]} Ra8 {[%emt 0:04:42]} 36. Re6 {[%emt 0:01:56]} Kg7 {[%emt 0:00:42]} 37. Re1 {[%emt 0:01:43]} Bd8 {[%emt 0:01:48]} 38. Kxd4 {[%emt 0:00:29]} Bxa5 {[%emt 0:00:17]} 39. Ra1 {[%emt 0:00:12]} b6 {[%emt 0:00:32]} 40. Bxa5 {[%emt 0:01:02]} Rxa5 {[%emt 0:00:48]} 41. Rxa5 {[%emt 0:00:14]} bxa5 {[%emt 0:00:01]} 42. Nc4 {[%emt 0:00:56]} a4 {[%emt 0:00:15]} 43. Ne5 {[%emt 0:00:43]} a3 {[%emt 0:01:05]} 44. Kc3 {[%emt 0:00:18]} a2 {[%emt 0:00:07]} 45. Kb2 {[%emt 0:00:09]} Bd5 {[%emt 0:00:09]} 46. c6 {[%emt 0:02:55]} Be6 {[%emt 0:00:17]} 47. c7 {[%emt 0:02:21]} Kf6 {[%emt 0:00:23]} 48. Nf3 {[%emt 0:00:43]} h6 {[%emt 0:00:47]} 49. h4 {[%emt 0:00:28]} Ke7 {[%emt 0:01:02]} 50. Nd4 {[%emt 0:02:09]} Bc8 {[%emt 0:00:19]} 51. Kxa2 {[%emt 0:02:36]} Kd6 {[%emt 0:00:15]} 52. Kb3 {[%emt 0:00:42]} Kxc7 {[%emt 0:00:17]} 53. Kc4 {[%emt 0:00:19]} Kd6 {[%emt 0:00:48]} 54. Nb5+ {[%emt 0:01:52]} Ke6 {[%emt 0:00:38]} 55. Kd4 {[%emt 0:00:16]} Bd7 {[%emt 0:00:34]} 56. Nc7+ {[%emt 0:00:29]} Kd6 {[%emt 0:00:41]} 57. Nd5 {[%emt 0:00:13]} Bc6 {[%emt 0:00:18]} 58. Ne3 {[%emt 0:00:15]} Be4 {[%emt 0:00:40]} 59. Nc4+ {[%emt 0:00:15]} Ke6 {[%emt 0:00:05]} 60. Ne5 {[%emt 0:00:23]} Kf6 {[%emt 0:00:17]} 61. Nd7+ {[%emt 0:00:24]} Ke7 {[%emt 0:02:06]} 62. Ne5 {[%emt 0:00:07]} Kf6 {[%emt 0:00:57]} 63. Nd7+ {[%emt 0:00:06]} 1/2-1/2

[Event "LTU-ch Men 2019"]
[Site "Vilnius"]
[Date "2019.03.21"]
[Round "9.1"]
[White "Zaksaite, Salomeja"]
[Black "Laurusas, Tomas"]
[Result "0-1"]
[WhiteElo "2260"]
[BlackElo "2495"]
[Annotator "TA"]
[PlyCount "96"]
[EventDate "2019.??.??"]
[EventCountry "LTU"]
[SourceTitle "playchess.com"]
[Source "ChessBase"]
[SourceQuality "1"]

{[%evp 25,96,4,25,7,2,0,0,0,10,3,1,3,12,7,24,0,0,-19,-17,-24,-16,-50,-4,-31,-12,-43,-43,-43,-44,-54,-45,-67,-66,-68,-42,-45,-48,-54,-48,-75,-75,-89,-92,-100,-100,-108,-100,-100,-68,-85,-9,-9,-15,-16,-16,-252,-252,-251,-244,-1085,-1075,-2362,-1395,-5093,-2996,-29967,-29966,-5165,-4132,-1891,-1806,-29984,-29985]} 1. e4 e5 2. Nf3 Nc6 3. Bb5 {[%cal Bf1b5,Bb5a4,Ba4b3][%mdl 32]} a6 4. Ba4 Nf6 5. d3 b5 6. Bb3 Be7 7. O-O d6 8. c3 O-O 9. Re1 Na5 10. Bc2 c5 11. Nbd2 {[%cal Bb1d2,Bd2f1,Bf1g3][%mdl 32]} Re8 12. Nf1 Bf8 13. Ng3 g6 {LiveBook: 40 Games. C90: Closed Ruy Lopez with 7...d6: Early deviations} 14. Bg5 (14. d4 exd4 15. cxd4 Bg4 16. dxc5 dxc5 17. Bg5 Qxd1 18. Raxd1 Nh5 19. h3 Bxf3 20. gxf3 Ng7 21. Bc1 {½-½ (32) Hernandez Guerrero,G (2533)-Diaz Hollemaert,N (2426) Montevideo 2019}) 14... h6 15. Be3 d5 $146 {The position is equal.} ({Predecessor:} 15... Bb7 16. h3 Bg7 17. Nh2 Rc8 18. Ng4 Nxg4 19. hxg4 Qh4 20. a4 Ra8 21. Qd2 {1-0 (90) Fernandes,J (1953)-Dias,I (2207) Famalicao 2017}) 16. Qc1 dxe4 17. Nxe4 Nxe4 18. dxe4 Kh7 19. b3 Nc6 20. h3 (20. Bd1 {keeps more tension.} Be6 21. Be2 Qc7 22. Rd1 Reb8 23. Rb1) 20... Be6 21. Qd2 (21. Rd1 {looks sharper.} Qc7 22. Kh1 Rad8 23. Qb2 f6 24. Kg1) 21... Qxd2 22. Nxd2 Red8 23. Rad1 Rd7 24. Nb1 Rad8 25. Kf1 {[#]} (25. Rxd7 {is interesting.} Rxd7 26. Rd1 Bd6 27. Nd2 Kg7 28. f3) 25... Nd4 $1 {[%mdl 512]} 26. cxd4 exd4 27. Bxd4 Rxd4 28. Rxd4 Rxd4 29. Rd1 Bg7 30. Ke2 Rxd1 31. Bxd1 $15 {[%mdl 4096] Endgame KBB-KBN} g5 32. Kd2 Bd4 33. f3 Kg6 34. Nc3 Bxc3+ 35. Kxc3 $17 {KB-KB} b4+ 36. Kd3 Kf6 37. Ke3 Ke5 (37... a5 $17) 38. Be2 $11 a5 39. g3 $1 Kd6 40. h4 $2 {[#]} (40. Bb5 $1 $11) 40... gxh4 $1 $19 41. gxh4 {[#]} a4 $1 {[%mdl 512]} 42. Bd1 $2 (42. bxa4 Bxa2 43. a5) 42... a3 43. f4 c4 44. bxc4 Bxc4 45. Kd4 {[#]} b3 $1 {[%mdl 512]} 46. e5+ (46. axb3 a2) 46... Ke7 47. axb3 a2 48. bxc4 a1=Q+ {Precision: White = 29%, Black = 68%.} 0-1

[Event "LTU-ch Men 2019"]
[Site "Vilnius"]
[Date "2019.03.21"]
[Round "9.2"]
[White "Kalvaitis, Sigitas"]
[Black "Brazdzionis, Andrius"]
[Result "1/2-1/2"]
[WhiteElo "2143"]
[BlackElo "2311"]
[Annotator "TA"]
[PlyCount "29"]
[EventDate "2019.??.??"]
[EventCountry "LTU"]
[SourceTitle "playchess.com"]
[Source "ChessBase"]
[SourceQuality "1"]

{[%evp 18,29,-4,-17,-14,-11,-5,-19,0,0,-5,-17,-9,-22]} 1. e4 d6 2. d4 Nf6 3. Nc3 g6 4. Nf3 Bg7 5. Be2 O-O 6. O-O a6 7. a4 Nc6 8. h3 e5 9. Be3 exd4 10. Nxd4 {The position is equal.} Re8 {B08: Pirc Defence: Classical System} 11. Nxc6 bxc6 12. Bf3 (12. Bd3 c5 13. Rb1 Bb7 14. Bg5 h6 15. Bxf6 Qxf6 16. Bc4 c6 17. Qd3 a5 18. Rbd1 {1-0 (57) Malakhov,V (2702)-Nepomniachtchi,I (2728) Sochi 2015}) 12... Rb8 13. Rb1 Nd7 14. Qd2 Nb6 $146 ({Predecessor:} 14... a5 15. Rfe1 Ba6 16. b3 Ne5 17. Be2 Bxe2 18. Nxe2 Rb4 19. f3 Qc8 20. Nd4 c5 21. Nb5 c4 22. Qd1 cxb3 23. cxb3 Qb8 24. Re2 {½-½ (24) Groetz,H (2279)-Kilgus,G (2421) Vienna 2015}) 15. b3 1/2-1/2

[Event "LTU-ch Men 2019"]
[Site "Vilnius"]
[Date "2019.03.21"]
[Round "9.3"]
[White "Malisauskas, Vidmantas"]
[Black "Mickevicius, Juras"]
[Result "1-0"]
[WhiteElo "2451"]
[BlackElo "2273"]
[Annotator "TA"]
[PlyCount "61"]
[EventDate "2019.??.??"]
[EventCountry "LTU"]
[SourceTitle "playchess.com"]
[Source "ChessBase"]
[SourceQuality "1"]

{[%evp 26,61,66,60,100,67,89,40,35,35,62,45,106,18,88,80,85,77,54,101,109,104,86,11,296,293,279,283,556,547,543,518,878,618,820,827,29992,1957]} 1. Nf3 Nf6 2. c4 e6 3. Nc3 d5 4. d4 Be7 5. Bf4 O-O 6. e3 Nbd7 {[%cal Bb8d7,Bd7f8,Bf8g6][%mdl 32]} 7. cxd5 exd5 8. Qc2 c6 9. Bd3 Re8 10. h3 Nf8 11. g4 Ng6 12. Bh2 Bd6 13. Bxd6 Qxd6 14. O-O-O Qe7 {D35: Queen's Gambit Declined: Exchange Variation} 15. Kb1 Bd7 {[#]} 16. Bxg6 $146 ({Predecessor:} 16. Rhg1 Rad8 17. Nd2 Bc8 18. g5 Nd7 19. h4 Ngf8 20. Nf3 Qd6 21. h5 b5 {1-0 (65) Chuchelov,V (2550)-Cao,S (2488) Ohrid 2001}) 16... hxg6 {White is slightly better.} 17. Ne5 Rac8 18. f3 c5 (18... Rcd8 $14) 19. Qd2 (19. h4 $16) 19... cxd4 (19... b5 $1 $11 {remains equal.}) 20. exd4 $16 b5 21. h4 b4 22. Ne2 Ba4 {Hoping for ...Bc2+.} 23. b3 Bb5 24. Nf4 (24. h5 $1 $16 {[%cal Rh5g6]} gxh5 25. Ng3) 24... Qd6 $2 {[%mdl 8192] [#]} (24... Nd7 $1 $11 {and Black has nothing to worry.}) 25. h5 $1 $18 {[%cal Rh5g6]} g5 {[#]} 26. h6 $1 {[%cal Rh6g7]} Rxe5 $2 ({Avoid the trap} 26... gxh6 $2 27. Rxh6 Qf8 28. Rxf6 $18) (26... gxf4 {was necessary.} 27. hxg7 Nxg4) 27. dxe5 Qxe5 28. hxg7 {And now Qh2 would win.} Ne8 (28... gxf4 $142 29. Rh8+ (29. Qxb4 Bd7 $11) 29... Kxg7 30. Rxc8 Be2) 29. Rh8+ Kxg7 30. Qh2 {[%csl Gh8][%cal Rh2h6]} Qd6 31. Rxe8 {Accuracy: White = 50%, Black = 12%.} (31. Qh7+ $142 Kf6 32. Nxd5+ Qxd5 33. Rxd5 Bd3+ 34. Rxd3 Rc1+ 35. Kxc1 Ke7 36. Qf5 Nd6 37. Qe5+ {[%mdl 64] Double Attack} Kd7 38. Qxd6#) 1-0

[Event "LTU-ch Men 2019"]
[Site "Vilnius"]
[Date "2019.03.21"]
[Round "9.4"]
[White "Sakalauskas, Vaidas"]
[Black "Juknis, Paulius"]
[Result "1/2-1/2"]
[WhiteElo "2346"]
[BlackElo "2219"]
[Annotator "TA"]
[PlyCount "106"]
[EventDate "2019.??.??"]
[EventCountry "LTU"]
[SourceTitle "playchess.com"]
[Source "ChessBase"]
[SourceQuality "1"]

{[%evp 17,106,33,33,20,11,21,31,20,19,26,26,20,31,25,43,0,0,0,0,0,0,-12,0,0,0,4,6,0,15,11,36,39,33,17,40,42,40,42,47,14,50,0,6,0,0,0,0,0,0,0,0,-29,-24,-22,0,0,0,0,12,0,0,0,52,52,52,33,52,52,52,45,45,22,31,29,37,8,8,0,0,0,0,0,8,8,8,8,8,8,8,0,8]} 1. d4 d5 2. c4 Nc6 3. cxd5 Qxd5 4. e3 e5 5. Nc3 Bb4 6. Bd2 Bxc3 7. Bxc3 exd4 8. Ne2 Nf6 9. Nxd4 O-O 10. Qb3 {D07: Queen's Gambit: Chigorin Defence} Nxd4 11. Bxd4 Be6 (11... Qg5 12. Qb5 Qg6 13. h4 Rd8 14. Qg5 Qxg5 15. hxg5 Ne4 16. Bd3 Nxg5 17. f4 c5 18. fxg5 cxd4 19. Bxh7+ {½-½ (25) Sedlak,N (2568)-Miladinovic,I (2583) Subotica 2014}) 12. Qxd5 {White is slightly better.} Nxd5 13. a3 a5 $146 ({Predecessor:} 13... Rfd8 14. Rc1 Rd7 15. f3 a6 16. Kf2 Re8 17. h3 Ne7 {½-½ (29) Toledo,R (2116)-Mouron,D (2200) ICCF email 2011}) 14. Rc1 Rfc8 15. Be2 b6 16. O-O f6 17. e4 Nf4 18. Bf3 c5 19. Bc3 Rab8 20. Rcd1 Bc4 {White must now prevent ...Ne2+.} 21. Rfe1 Bb3 22. Rd2 Rd8 23. e5 Kf7 24. exf6 gxf6 25. Be4 (25. h3 {feels hotter.} a4 26. Rxd8 Rxd8 27. Re4 Ng6 28. Bh5) 25... Rxd2 26. Bxd2 Ng6 27. Bc3 a4 28. Re3 {Threatens to win with Rf3.} b5 {[%cal Bb6b5,Bb5b4][%mdl 32]} 29. h4 b4 30. Be1 Be6 31. h5 Nf4 32. Bxh7 Nxh5 33. Bc2 Bd7 34. Bd1 Nf4 35. g3 Ne6 (35... Nd5 {seems wilder.} 36. Rd3 bxa3 37. Rxa3 Rxb2 38. Bxa4 Bxa4 39. Rxa4 Rc2) 36. Bh5+ Kg8 37. Bg4 Nf8 38. Bd1 bxa3 39. bxa3 Re8 ({Better is} 39... Rb1 $11 40. Bf3 Be6) 40. Rxe8 $14 Bxe8 {[%mdl 4096] Endgame KBB-KBN} 41. Bc3 Kg7 42. f4 Bc6 43. Kf2 Kf7 44. Ke3 f5 45. Bc2 Ke6 46. Bd3 (46. g4 $5 fxg4 47. f5+ Kf7 48. Be1 $14) 46... Nd7 {The position is equal.} 47. Bc4+ Bd5 48. Bb5 Bb3 49. g4 Nb6 50. gxf5+ Kxf5 51. Bd3+ Ke6 52. f5+ Kf7 53. Kd2 Nc4+ {Accuracy: White = 51%, Black = 52%.} 1/2-1/2

[Event "LTU-ch Men 2019"]
[Site "Vilnius"]
[Date "2019.03.21"]
[Round "9.5"]
[White "Juksta, Karolis"]
[Black "Zickus, Simonas"]
[Result "1-0"]
[WhiteElo "2281"]
[BlackElo "2330"]
[Annotator "TA"]
[PlyCount "47"]
[EventDate "2019.??.??"]
[EventCountry "LTU"]
[SourceTitle "playchess.com"]
[Source "ChessBase"]
[SourceQuality "1"]

{[%evp 18,47,16,13,43,22,70,77,67,65,70,56,98,43,119,117,99,102,169,166,171,159,197,176,184,178,158,162,298,291,289,277]} 1. d4 d5 2. c4 dxc4 3. e3 Nf6 4. Bxc4 e6 5. Nf3 c5 6. O-O a6 7. dxc5 Qxd1 8. Rxd1 Bxc5 9. Nbd2 O-O 10. Be2 b5 {D27: Queen's Gambit Accepted: Classical main line: 7 e4!? and 7 a4} 11. a4 b4 12. Nb3 Be7 {White is better.} 13. Ne5 Nfd7 $146 ({Predecessor:} 13... Bb7 14. f3 Rd8 15. Rxd8+ Bxd8 16. e4 Nbd7 17. Nc4 {1-0 (45) Ankit,R (2489)-Sindarov,J (2224) Al Ain 2015}) 14. Nc4 Nc5 15. Nba5 ({Better is} 15. Nxc5 $16 Bxc5 16. b3) 15... Ra7 (15... Bd7 $14) 16. Bd2 $36 {[%mdl 2048] White is really pushing.} Bd7 17. Nb6 Ne4 {[#]} (17... Bd8 $16 {is a better defense.}) 18. Be1 $1 $18 Nf6 19. Rac1 Rd8 20. Rc4 Nd5 21. Nxd5 exd5 22. Rxd5 Be6 (22... Re8 $142) 23. Rxd8+ {[%mdl 64] [#] Overworked Piece} Bxd8 24. Rxb4 {Accuracy: White = 71%, Black = 41%.} 1-0

[Event "LTU-ch Men 2019"]
[Site "Vilnius"]
[Date "2019.03.21"]
[Round "9.6"]
[White "Chocenka, Dmitrijus"]
[Black "Indriunas, Matas"]
[Result "1-0"]
[WhiteElo "2287"]
[BlackElo "1908"]
[Annotator "TA"]
[PlyCount "94"]
[EventDate "2019.??.??"]
[EventCountry "LTU"]
[SourceTitle "playchess.com"]
[Source "ChessBase"]
[SourceQuality "1"]

{[%evp 18,94,62,50,54,33,22,29,19,15,59,26,43,24,112,97,94,79,146,133,135,131,131,128,139,106,106,93,96,92,99,114,116,114,111,120,116,116,123,118,104,107,106,115,93,104,168,152,166,36,119,115,116,119,135,130,129,122,108,118,116,109,122,89,56,0,0,0,0,0,0,0,0,0,0,0,0,0,1135]} 1. d4 Nf6 2. c4 g6 3. Nc3 Bg7 4. g3 O-O 5. Bg2 d6 6. Nf3 {[%cal Bg1f3,Bf3e1,Be1c2][%mdl 32]} Nc6 7. O-O Bf5 8. Ne1 Qc8 9. e4 Bh3 10. Nc2 {LiveBook: 33 Games} Re8 {E62: King's Indian: Fianchetto: 6...c6 and Panno Variation (6...Nc6) without ...a6} 11. d5 $146 ({Predecessor:} 11. f3 Bxg2 12. Kxg2 a6 13. Be3 b6 14. Rc1 Qb7 15. Qe2 e6 16. Rfd1 Nd7 17. h4 Ne7 18. h5 {0-1 (40) Marusenko,P (2194)-Mista,A (2614) Hastings 2015}) 11... Ne5 12. b3 Bxg2 {White has an edge.} 13. Kxg2 Qg4 14. Qxg4 Nfxg4 15. Nb5 Nd3 (15... Rac8 $11 {remains equal.}) 16. Nxc7 $16 {Rb1 is the strong threat.} Bxa1 17. Nxa1 {[#]} a6 (17... Ngxf2 $142 $1 {[%mdl 512]} 18. Rxf2 Nxc1) 18. Nxa8 Rxa8 19. f3 $1 {[%cal Rf3g4]} Nge5 20. f4 Nd7 21. Nc2 b5 22. Nd4 bxc4 23. bxc4 Nb6 24. Nc6 Nxc4 25. Rd1 ({Much weaker is} 25. Nxe7+ $6 Kf8 $11) 25... Nxc1 26. Rxc1 {[%mdl 4096] Endgame KRN-KRN} Nd2 27. e5 Kf8 28. Kf2 Ne4+ 29. Ke3 Nc5 30. Kd4 Rc8 31. Rb1 Ke8 (31... f6 $16 {keeps fighting.}) 32. g4 Kd7 33. Rc1 ({White should play} 33. g5 $18) 33... Rc7 (33... Ne6+ $1 $14 34. dxe6+ fxe6) 34. exd6 exd6 35. Re1 {Threatening mate with Re7+.} Rb7 36. Re7+ Kc8 {[#]} 37. Re8+ $1 Kc7 {[#]} 38. Rf8 $1 Rb2 39. Rxf7+ Kb6 40. Rxh7 Rxa2 41. f5 (41. Ne7 $14 Kb5 42. Ke3 (42. Nxg6 Ra3 $15)) 41... gxf5 $11 {The position is equal.} 42. gxf5 Rd2+ 43. Ke3 Rxd5 44. Ne7 Re5+ 45. Kf4 a5 46. Nc8+ Kc6 47. Rh6 Rd5 $2 {[%mdl 8192] Precision: White = 57%, Black = 61%.} (47... Re4+ $11 48. Kf3 Kd5) 1-0

[Event "LTU-ch Men 2019"]
[Site "Vilnius"]
[Date "2019.03.21"]
[Round "9.7"]
[White "Valantiejus, Vaidotas"]
[Black "Stauskas, Lukas"]
[Result "1-0"]
[WhiteElo "2048"]
[BlackElo "2357"]
[Annotator "TA"]
[PlyCount "69"]
[EventDate "2019.??.??"]
[EventCountry "LTU"]
[SourceTitle "playchess.com"]
[Source "ChessBase"]
[SourceQuality "1"]

{[%evp 19,69,28,30,-14,-10,-13,-6,-20,-5,-28,-11,-20,37,44,43,31,35,19,24,25,124,114,107,102,552,530,516,548,624,205,205,218,206,217,202,198,191,193,189,205,352,347,635,629,660,660,620,614,613,582,29961,29937]} 1. e4 c5 2. Nf3 d6 3. d4 cxd4 4. Nxd4 Nf6 5. Nc3 a6 6. Bg5 e6 7. f4 h6 8. Bh4 Be7 9. Qf3 Nbd7 10. O-O-O Qc7 11. f5 {B98: Sicilian Najdorf: 6 Bg5 e6 7 f4 Be7, sidelines} e5 12. Nde2 b5 13. Bxf6 $1 {The position is equal.} Nxf6 14. Nd5 $1 {[%cal Rd5c7]} Nxd5 15. exd5 e4 ({Better is} 15... O-O $11) 16. Qxe4 $14 O-O 17. Ng3 Bb7 18. Nh5 Bg5+ {[#]} 19. Kb1 $146 {[#] Threatens to win with Qd4.} Rac8 (19... Rae8 $11 20. Qg4 f6) 20. Bd3 $16 Qe7 21. Qg4 $40 {[%mdl 128] White attacks with force.} Qe5 $2 {[%mdl 8192]} ({Not} 21... Bxd5 $2 22. Rde1 $18) (21... Bf6 $16 {is more resistant.}) 22. Rde1 $18 Qxd5 23. h4 Qxg2 24. Qxg2 $2 (24. Qd4 {[%csl Gh5][%cal Rd4g7]} f6 25. hxg5 hxg5 26. Qxd6) 24... Bxg2 {[#]} 25. Rh2 $1 Bd2 26. Rg1 Bf3 27. Rxg7+ ({Less strong is} 27. Rxd2 Bxh5 28. Rdg2 g6 $11) 27... Kh8 {...Rfe8 is the strong threat.} 28. Rxd2 {Strongly threatening f6.} Bxh5 29. f6 Rfe8 (29... Bg6 $142 30. Bxg6 fxg6 31. Rxg6 Kh7) 30. b3 {White threatens Rdg2 and mate.} Bf3 $2 (30... Bg6 31. Bxg6 fxg6 32. Rxg6 Kh7 33. Rg7+ Kh8 34. Rxd6 Re1+ 35. Kb2 Rf1) 31. Rxf7 Be4 32. Bxe4 Rxe4 33. Rxd6 {Intending Rdd7 and mate.} Re1+ 34. Kb2 {Threatening mate with Rdd7.} Re2 35. Rdd7 {Accuracy: White = 77%, Black = 37%.} 1-0